000 01776nam a2200229Ia 4500
008 260220t2009||||xx |||||||||||||| ||spa||
040 _aPY-SlUNAC
_bspa
_erda
041 _aspa
082 _a551.6
_bL832l
245 0 _aLogros del programa mundial de investigaciones climáticas
264 _aBuenos Aires :
_bWBCP,
_c℗2009.
300 _a1 volumen
520 _aEl libro "Logros del programa mundial de investigaciones climáticas", publicado en Buenos Aires por WBCP en 2009, presenta un análisis exhaustivo de los avances logrados por las investigaciones climáticas a nivel global. A través de una recopilación de estudios y datos, se abordan temas fundamentales como el cambio climático, sus impactos en los ecosistemas y las sociedades, y las estrategias de mitigación y adaptación. El texto destaca la importancia de la colaboración internacional y la necesidad de integrar la ciencia climática en las políticas públicas para enfrentar los desafíos ambientales. También se examinan las metodologías empleadas en las investigaciones y se discuten los resultados obtenidos en diferentes regiones del mundo, subrayando la urgencia de acciones coordinadas para reducir la vulnerabilidad frente a fenómenos climáticos extremos. En conjunto, el libro sirve como un recurso valioso para académicos, responsables de políticas, y el público en general, promoviendo una mejor comprensión de la crisis climática y su gestión a través de la investigación científica.
653 _aCambio climático
653 _aDesarrollo sostenible
653 _aInvestigaciones climáticas
942 _b2026/02/17
_cBK
999 _c8072
_d8072